Negotiating Change : (Record no. 5037)
[ view plain ]
| 000 -LEADER | |
|---|---|
| fixed length control field | 00920nac a22002171u 4500 |
| 008 - FIXED-LENGTH DATA ELEMENTS--GENERAL INFORMATION | |
| fixed length control field | 081214t xxu||||| |||| 00| 0 eng d |
| 010 ## - LIBRARY OF CONGRESS CONTROL NUMBER | |
| LC control number | 013537642 |
| 020 ## - INTERNATIONAL STANDARD BOOK NUMBER | |
| International Standard Book Number | 1845112709 |
| 020 ## - INTERNATIONAL STANDARD BOOK NUMBER | |
| International Standard Book Number | 9781845112707 |
| 082 ## - DEWEY DECIMAL CLASSIFICATION NUMBER | |
| Classification number | 320.956 |
| Item number | JON |
| 100 ## - MAIN ENTRY--PERSONAL NAME | |
| Personal name | Jones, Jeremy, |
| 9 (RLIN) | 20657 |
| 245 ## - TITLE STATEMENT | |
| Title | Negotiating Change : |
| Remainder of title | The New Politics of the Middle East / |
| Statement of responsibility, etc | Jeremy Jones. |
| 260 ## - PUBLICATION, DISTRIBUTION, ETC. (IMPRINT) | |
| Place of publication, distribution, etc | London : |
| Name of publisher, distributor, etc | I. B. Tauris, 2007. |
| Date of publication, distribution, etc | 2007. |
| 300 ## - PHYSICAL DESCRIPTION | |
| Extent | 282 p. ; |
| Dimensions | 22 cm. |
| 490 ## - Series Statement | |
| Series statement | ( Library of modern Middle East studies ; 58) |
| -- | 20658 |
| 504 ## - BIBLIOGRAPHY, ETC. NOTE | |
| Bibliography, etc | Includes bibliographical references and index. |
| 650 ## - SUBJECT ADDED ENTRY--TOPICAL TERM | |
| Topical term or geographic name as entry element | Democracy -- Middle East. |
| 9 (RLIN) | 20659 |
| 650 ## - SUBJECT ADDED ENTRY--TOPICAL TERM | |
| Topical term or geographic name as entry element | Middle East -- Politics and government -- 1979- |
| 9 (RLIN) | 20660 |
| 942 ## - ADDED ENTRY ELEMENTS (KOHA) | |
| Item type | NB - Book (Non borrowing) |
| Call number prefix | 320.956 JON |
| Source of classification or shelving scheme | Dewey Decimal Classification |
| Withdrawn status | Item status | Source of classification or shelving scheme | Damaged status | Not for loan | Vendor | Home library | Current library | Shelving location | Date acquired | Source of acquisition | Total Checkouts | Total Renewals | Full call number | Barcode | Date last seen | Date last borrowed | Koha item type |
|---|---|---|---|---|---|---|---|---|---|---|---|---|---|---|---|---|---|
| Dewey Decimal Classification | Central Library | Central Library | First floor | 07/10/2010 | 9 | 12 | 320.956 JON | 000006322 | 15/07/2025 | 22/12/2024 | Book - Borrowing |